A theory of secession : the case for political self-determination (Record no. 359581)

MARC details
000 -LEADER
fixed length control field 00707nam a2200217Ia 4500
008 - FIXED-LENGTH DATA ELEMENTS--GENERAL INFORMATION
fixed length control field 191130s2005##################000#0#eng##
020 ## - INTERNATIONAL STANDARD BOOK NUMBER
ISBN 9780521849159
082 ## - DEWEY DECIMAL CLASSIFICATION NUMBER
Classification number 320.15 WEL
100 ## - MAIN ENTRY--AUTHOR NAME
Personal name Wellman, Christopher Heath
245 ## - TITLE STATEMENT
Title A theory of secession : the case for political self-determination
Statement of responsibility, etc Christopher Heath Wellman
260 ## - PUBLICATION, DISTRIBUTION, ETC. (IMPRINT)
Place of publication Cambridge
Name of publisher Cambridge Univeristy Press
Year of publication c2005
300 ## - PHYSICAL DESCRIPTION
Number of Pages x, 199 p. ; 24 cm
500 ## - GENERAL NOTE
General note Includes bibliographical references (p. 187-196) and index
650 ## - SUBJECT ADDED ENTRY--TOPICAL TERM
Topical Term Secession
Topical Term Self-determination, National
Topical Term Sovereignty
991 ## -
-- 180385
Holdings
Withdrawn status Lost status Damaged status Not for loan Home library Current library Shelving location Date acquired Full call number Accession Number Price effective from Koha item type
        Anna Centenary Library Anna Centenary Library 3RD FLOOR, B WING 17.10.2020 320.15 WEL 99876 17.10.2020 English Books

Find us on the map